| 000 | 00000nam##2200000za#4500 |
| 001 | 9.666927 |
| 003 | CaOODSP |
| 005 | 20200401081006 |
| 007 | ta |
| 008 | 150407|2004||||xxc||||| f|0| 0 eng|d |
| 040 | |aCaOODSP|beng |
| 041 | |aeng |
| 041 | |afre |
| 043 | |an-cn--- |
| 086 | 1 |aSW21-127/2004 |
| 110 | 1 |aCanada. |bStatus of Women Canada. |
| 245 | 10|aGBA on-line discussion |
| 246 | 3 |aGender-based analysis on-line discussion |
| 260 | |aOttawa - Ontario : |bStatus of Women Canada |c[2004]. |
| 300 | |aEnglish text, 1p. ; |c28 cm. |
| 563 | |aLoose-leaf |
| 690 | 07|aGender equality|2gcpds |
| 690 | 07|aPolicy development|2gcpds |
| 776 | 0#|tDiscussion en direct sur l'analyse comparative entre les sexes (ACS) |w(CaOODSP)9.632260 |
| 776 | 0#|tGender-based analysis (GBA) on-line discussion |w(CaOODSP)9.687820 |
| 792 | |tDiscussion en direct sur l'ACS |efre|w(CaOODSP)9.666928 |